| 000 | 00551pab a2200193 454500 | ||
|---|---|---|---|
| 008 | 180718b2014 xxu||||| |||| 00| 0 eng d | ||
| 100 | _aMundhra, Durga Das | ||
| 245 | _aLarge scale inconsistencies in evaluation system in conventional Indian Universities | ||
| 260 | _c2014 | ||
| 300 | _ap.16-18. | ||
| 362 | _a20 Oct | ||
| 650 | _aHigher education - India | ||
| 650 | _aUniversities - India | ||
| 650 | _aEducational evaluation - India | ||
| 650 | _aEducational evaluation | ||
| 773 | _aUniversity News | ||
| 908 | _aN | ||
| 909 | _a105775 | ||
| 999 |
_c105770 _d105770 |
||